Les grands films des années 2010 - Statistiques

Statistiques générales
  • Ce quiz a été pris 80 fois
  • Le résultat moyen est 6 sur 20
Statistiques - réponses
sortie Description Titre du film % Correct
2010 À la suite d'un grave accident touchant l'un des leurs, une bande d'amis décide de maintenir ses vacances au Cap Ferret, où les non-dits et les tensions éclatent. Entre rires et larmes, le film explore les faux-semblants et la fragilité des liens d'amitié face à la tragédie. Les petits mouchoirs
86%
2010 Inspiré d'une histoire vraie, la lutte pour la survie d'un jeune randonneur coincé seul au fond d'un canyon par un rocher. Après cinq jours d'isolement, il doit se résoudre à s'amputer le bras pour retrouver sa liberté. 127 heures
52%
2013 Après la destruction de leur navette par des débris spatiaux, deux astronautes tentent de survivre dans le vide absolu de l'espace. Seule et à la dérive, une ingénieure doit lutter contre l'angoisse et l'épuisement pour regagner la Terre. Gravity
52%
2018 Pour reprendre goût à la vie, une bande d'hommes en pleine crise existentielle se lance le défi improbable de former une équipe de natation synchronisée masculine, aidés par deux coachs exigeantes. Le grand bain
52%
2015 À la suite de leur divorce, un couple se livre une guerre acharnée pour ne pas obtenir la garde de leurs trois enfants. Tous les coups bas sont permis pour forcer l'autre à assumer seul le quotidien familial afin de pouvoir partir refaire sa vie à l'étranger. Papa ou maman
40%
2017 Max, un traiteur expérimenté, tente de sauver l'organisation chaotique d'un mariage prestigieux dans un château du XVIIIe siècle. Entre les gaffes de son équipe et les imprévus techniques, on découvre avec humour et humanité les coulisses mouvementées de l'événementiel. Le sens de la fête
38%
2019 Filmé comme un unique plan-séquence immersif, on suit, en pleine Première Guerre mondiale, deux jeunes soldats britanniques qui se lancent dans une course contre la montre pour livrer un message vital derrière les lignes ennemies. 1917
32%
2014 Pendant la Seconde Guerre mondiale, le mathématicien Alan Turing rejoint une équipe de cryptanalystes pour tenter de briser Enigma, la machine de communication réputée inviolable des nazis. Imitation game
30%
2019 On suit l'affaire Dreyfus à travers le combat du colonel Picquart, qui découvre des preuves innocentant le capitaine accusé de trahison. Malgré l'opposition de sa hiérarchie, il s'efforce de faire éclater la vérité dans une France déchirée par l'antisémitisme et l'injustice. J'accuse
30%
2018 Le quotidien intense d'Antoine et Benjamin, deux étudiants qui affrontent l'enfer de la première année de médecine. Entre compétition acharnée et nuits blanches, le récit explore leur amitié mise à l'épreuve par un système éducatif sacrificiel. Première année
27%
2014 À la suite d'un infarctus, Antoine décide de changer de vie en arrêtant d'être raisonnable pour enfin dire ses quatre vérités à ses proches. Lors d'un séjour entre amis dans les Cévennes, cette nouvelle franchise met à l'épreuve des années de non-dits et bouscule les équilibres de ce groupe de fidèles. Barbecue
24%
2012 Lors de la crise des otages en Iran en 1979, un agent de la CIA lance une mission d'exfiltration audacieuse pour sauver six diplomates américains. Son plan consiste à infiltrer Téhéran en faisant passer les fugitifs pour les membres d'une équipe de tournage d'un faux film de science-fiction. Argo
22%
2011 Basé sur une histoire vraie. L'histoire du manager des Athletics d'Oakland, qui révolutionne le baseball en utilisant des statistiques informatiques pour bâtir une équipe compétitive avec un petit budget. Le stratège
22%
2016 Lhistoire authentique du pilote qui a sauvé 155 passagers en posant son avion en détresse sur l'Hudson en 2009. Malgré cet exploit héroïque, il doit ensuite affronter une enquête rigoureuse menaçant de détruire sa réputation et sa carrière. Sully
22%
2017 À la fin de la Grande Guerre, deux rescapés des tranchées — un dessinateur de génie défiguré et un modeste comptable — montent une arnaque aux monuments aux morts, dans une société qui préfère honorer ses défunts plutôt que de prendre soin de ses survivants. Au revoir là-haut
17%
2013 La rivalité légendaire et l'opposition de styles entre les pilotes de Formule 1 James Hunt et Niki Lauda lors de la saison 1976. Entre prouesses techniques et duels psychologiques, le film illustre leur quête de victoire au péril de leur vie. Rush
16%
2011 Un nouveau Pape vient d'être élu, mais celui-ci- panique face à ses responsabilités. Le Vatican fait appel à un psychanalyste athée pour l'aider à surmonter son angoisse. Le film dépeint avec humour et mélancolie l'humanité d'un homme qui refuse le pouvoir. Habemus papam
13%
2016 À la suite d'une erreur de train, Saroo, un enfant indien de 5 ans, se retrouve perdu à des milliers de kilomètres de chez lui avant d'être adopté par un couple d'Australiens. Vingt-cinq ans plus tard, hanté par son passé, il utilise Google Earth pour tenter de localiser son village natal et retrouver sa famille biologique. Lion
13%
2012 L'histoire vraie d'une cuisinière du Périgord nommée chef personnelle du président à l'Élysée. Entre pressions politiques et rivalités en cuisine, elle s'efforce de proposer une gastronomie authentique et savoureuse au sommet de l'État. Les saveurs du palais
10%
2015 En pleine Guerre froide, un avocat américain est chargé de défendre un espion soviétique, puis de négocier son échange contre un pilote de l'US Air Force capturé en URSS. Le pont des espions
8%
Aucun quiz correspondant
Distribution des résultats
% des personnes avec chaque résultat
Percentile par nombre de réponses
Votre historique - résultats
Vous n’avez pas pris ce quiz